Statistics for All Formula E Manufacturers Ever

Click here to take the quiz!

General Stats

  • This quiz has been taken 14 times
  • The average score is 6 of 16

Answer Stats

Year(s) CompetingManufacturer% Correct
2019 - 2022Mercedes
85%
2015 - 2018Renault
69%
2014 - 2016McLaren
62%
2015 - 2022Schaefller/Audi
62%
2016 - Current SeasonJaguar
54%
2019 - Current SeasonPorsche
54%
2015 - Current SeasonDS Automobiles
46%
2018 - 2022BMW
38%
2018 - Current SeasonNissan
38%
2015 - Current SeasonMahindra
31%
2016 - 2022Penske
15%
2015 - 2019Venturi
15%
2023 - Current SeasonERT
8%
2022 - Current SeasonMaserati
8%
2015 - 2016Motomatica
8%
2015 - 2019NEXTEV/NIO
8%

Score Distribution

Percentile by Number Answered

Percent of People with Each Score

Your Score History

You have not taken this quiz